| 000 | 01714cam a2200361Ii 4500 | ||
|---|---|---|---|
| 999 |
_c27580 _d27580 |
||
| 001 | 9781843142324 | ||
| 003 | OSt | ||
| 005 | 20240802194054.0 | ||
| 006 | a|||||o|||| 00| 0 | ||
| 008 | 180706s1999 enk ob 001 0 eng d | ||
| 020 |
_a9781843142324 _q(e-book : PDF) |
||
| 020 |
_a9781135346898 _q(e-book: Mobi) |
||
| 020 |
_a9781135346935 _q(e-book: ePub) |
||
| 020 |
_a9781135346942 _q(e-book: PDF) |
||
| 020 |
_z9781138129764 _q(hardback) |
||
| 020 |
_z9781859414385 _q(paperback) |
||
| 024 | 7 |
_a10.4324/9781843142324 _2doi |
|
| 035 | _a(OCoLC)810924686 | ||
| 040 | _cimu-kc | ||
| 043 | _ae-uk--- | ||
| 050 | 4 |
_aKD1845 _b.H63 1999 |
|
| 082 | 0 | 4 |
_a346.4108622 _bH689 |
| 100 | 1 |
_aHodges, Susan, _cLLB., _eauthor. |
|
| 245 | 1 | 0 |
_aCases and materials on marine insurance law / _cSusan Hodges ; with the assistance of Roy Carlile. |
| 264 | 1 |
_aLondon : _bCavendish Pub., _c1999. |
|
| 300 | _a1 online resource (xlix, 962 pages) | ||
| 505 | 0 | _a1. Contract of indemnity -- 2. Insurable interest -- 3. Subject matter insured -- 4. Time and voyage policies -- 5. Valued and unvalued policies -- 6. Utmost good faith, disclosure and representations -- 7. Warranties -- 8. The cause of loss -- 9. Marine risks -- 10. Excluded losses -- 11. Burden and standard of proof -- 12. The Inchmaree clause -- 13. The 3/4ths collision liability clause -- 14. Ware and strikes risks -- 15. Actual total loss -- 16. Constructive total loss -- 17. Partial loss : 1 -- 18. Partial loss : 2. | |
| 650 | 0 |
_aMarine insurance _zGreat Britain. |
|
| 700 | 1 | _aCarlile, Roy. | |
| 776 | 0 | 8 |
_iPrint version: _z9781138129764 |
| 856 | 4 | 0 |
_uhttps://www.taylorfrancis.com/books/9781135346942 _zClick here to view. |
| 942 |
_2ddc _cEBK |
||